00381ntaaa2200157 45000030003000000050017000030080021000200400037000410820017000781000020000952450018001152500010001332600049001433000009001926500022002010120251027202638.00714s1973 ag 01  aAR-BaBNbspacAR-BaBNeaacrdRIC a372.4000 G91 aGrosso, Juan B  aRonda redonda a1 ed. aBuenos Aires : bEditorial Kapelusz, cc1957 a86 p aniños-poesías